Normal view
MARC view
- التنمية - العراق - مصر
Entry Topical Term
001 - CONTROL NUMBER
- control field: 45452
003 - CONTROL NUMBER IDENTIFIER
- control field: JO-AjAnu
005 - DATE AND TIME OF LATEST TRANSACTION
- control field: 20230606081522.0
008 - FIXED-LENGTH DATA ELEMENTS
- fixed length control field: 230606|| aca||aabn | a|a d
040 ## - CATALOGING SOURCE
- Original cataloging agency: JO-AjAnu
- Transcribing agency: JO-AjAnu
150 ## - HEADING--TOPICAL TERM
- Topical term or geographic name entry element: التنمية - العراق - مصر
670 ## - SOURCE DATA FOUND
- Source citation: Work cat.: (JO-AjAnu)23272: البصام، ناجي, author 45451, ادارة التنمية في العراق ومصر : دراسة نظرية واهم القضايا التطبيقية= Development Administration in Iraq and Egypt: A Theoritical Study with the Important practical Issues